00423nam a22001457a 4500041001200000082001200012100002200024245002800046260003900074300000800113650002700121942000700148952010500155999001700260 aEnglish a248 KEM aKempis, Thomas A. aThe Imitation of Christ aGreat BritainbFontana Booksc1963 a253 aSpirituality-Christian cBK 00104070aHMIbHMIcGENd2015-03-10eDr. Andreasl0o248 KEMp11002893r2026-01-16w2026-01-16yBK c20934d20934